Trouve l'erreur - 3 - Statistiques

Statistiques générales
  • Ce quiz a été pris 220 fois
  • Le résultat moyen est 8 sur 9
Statistiques - réponses
Question Tuile Select % Correct
Trouve l'erreur Jurassic Park Non
96%
Trouve l'erreur E.T., l'extra-terrestre Non
93%
Trouve l'erreur Les Aventuriers de l'Arche perdue Non
93%
Trouve l'erreur Les Dents de la Mer Non
93%
Trouve l'erreur Ready Player One Non
88%
Trouve l'erreur La Liste de Schindler Non
84%
Trouve l'erreur Rencontres du troisième Type Non
83%
Trouve l'erreur Arrête-moi si tu peux Non
77%
Trouve l'erreur Star Wars épisode I: La Menace Fantôme Oui
46%
Aucun quiz correspondant
Distribution des résultats
% des personnes avec chaque résultat
Percentile par nombre de réponses
Votre historique - résultats
Vous n’avez pas pris ce quiz